LEADER 04007nam 2200649Ia 450 001 9910459283703321 005 20200520144314.0 010 $a6612600896 010 $a1-282-60089-3 010 $a9786612600890 010 $a1-60750-510-X 035 $a(CKB)2670000000014172 035 $a(EBL)501455 035 $a(OCoLC)591162399 035 $a(SSID)ssj0000357436 035 $a(PQKBManifestationID)12119462 035 $a(PQKBTitleCode)TC0000357436 035 $a(PQKBWorkID)10371372 035 $a(PQKB)10224203 035 $a(MiAaPQ)EBC501455 035 $a(Au-PeEL)EBL501455 035 $a(CaPaEBR)ebr10375719 035 $a(CaONFJC)MIL260089 035 $a(EXLCZ)992670000000014172 100 $a20100401d2009 uy 0 101 0 $aeng 135 $aur|n|---||||| 181 $ctxt 182 $cc 183 $acr 200 00$aBuilding safer communities$b[electronic resource] $erisk governance, spatial planning and responses to natural hazards /$fedited by Urbano Fra Paleo 210 $aAmsterdam $cIOS Press$dc2009 215 $a1 online resource (296 p.) 225 0 $aNATO science for peace and security series 300 $aDescription based upon print version of record. 311 $a1-60750-046-9 320 $aIncludes bibliographical references and indexes. 327 $aTitle page; Preface; Contributors; Acknowledgements; Contents; Hazard Mitigation, Planning, and Disaster Resiliency: Challenges and Strategic Choices for the 21st Century; Command or Cooperate? Rethinking Traditional Central Governments' Hazard Mitigation Policies; Rethinking Risk Management Policies: From ``Participation'' to Processes of Dialogue, Debate, and Negotiation; Patterns of Risk: Spatial Planning as a Strategy for the Mitigation of Risk from Natural Hazards; On Exposure to Natural Hazards: Revisiting a Neglected Primal Action 327 $aPrecaution and Science-Based Environmental Risk Management: Complementary not ContradictoryVulnerability and Adaptation to Climate Change in Urban Areas. A Role for Urban Planning; Vulnerable to Flooding? Nature Development and `Room for the River': A Governance Perspective; Social Impact Assessment for Environmental Disaster Management; Dynamics, Predictability and Risk Assessment of Natural Hazards; Principles of Emergency Planning: Standardisation, Integration and Sustainability; The Challenges of Planning for Post-Disaster Recovery 327 $aUrban Water Governance as Part of a Strategy for Risk Mitigation, What Is Different in Third World Cities?Achievements and Challenges of Integrating Risk Management into European Spatial Development Initiatives; French Multiple Risk and Disaster Integral Management System within the European Union; A Framework for Using GIS and Stakeholder Input to Assess Vulnerability to Coastal Hazards: A Case Study from Sarasota County, Florida; Use of Emerging InSAR and LiDAR Remote Sensing Technologies to Anticipate and Monitor Critical Natural Hazards; Subject Index; Author Index 330 $aA collection of essays that discusses the directions and key components of risk governance. It also includes the analysis of proactive approaches to the governance of risk from natural hazards, and approaches to broaden the scope of public policies related to the management of risks from natural hazards. 410 0$aNATO Science for Peace and Security Series E: Human and Societal Dynamics, v. 58 606 $aLand use$xPlanning 606 $aEmergency management 608 $aElectronic books. 615 0$aLand use$xPlanning. 615 0$aEmergency management. 676 $a720 701 $aFra Paleo$b Urbano$0893815 712 12$aNATO Advanced Research Workshop on Spatial Planning as a Strategy for Migration and Adaptation to Natural Hazards 801 0$bMiAaPQ 801 1$bMiAaPQ 801 2$bMiAaPQ 906 $aBOOK 912 $a9910459283703321 996 $aBuilding safer communities$91996613 997 $aUNINA